000
00244nam a22001097a 4500
999
_c
533418
_d
533418
040
_c
dlc
082
_a
208.06665
100
_a
Margaret Mccarthy
_9
27290
245
_a
Letter Writing made Simple over 200
300
_a
197;pxv
942
_2
ddc
_c
BK